000
00246nam a2200109Ia 4500
008
200302s9999 xx 000 0 und d
100
_a
Eric K Bain
245
_a
Display Typography
260
_b
Focal Press Ltd.,
260
_c
1970
300
_a
182 P.,
999
_c
308
_d
308